Combined Flags - Statistics

General Stats
  • This quiz has been taken 20 times
  • The average score is 7 of 16
Answer Stats
Picture Answer % Correct
Italy - San Marino
82%
Albania - Morocco
71%
Laos - Belize
71%
Belgium - Andorra
59%
China - Soviet Union
59%
Ireland - Côte d'Ivoire
59%
Liberia - Malaysia
59%
Iran - Tajikistan
53%
Japan - Tunisia
53%
Costa Rica - North Korea
47%
Saint Lucia - Palau
47%
Guatemala - Mexico
41%
Uganda - Germany
29%
Luxembourg - Indonesia
6%
Mauritius - Central African Republic
6%
Vietnam - Yugoslavia
6%
No matching quizzes found
Score Distribution
Percent of People with Each Score
Percentile by Number Answered
Your Score History
You have not taken this quiz